Research writing in tourism and hospitality wit applied data analysis: (Record no. 8766)

MARC details
000 -LEADER
fixed length control field 00712nam a22001937a 4500
003 - CONTROL NUMBER IDENTIFIER
control field OSt
005 - DATE AND TIME OF LATEST TRANSACTION
control field 20260309083047.0
008 - FIXED-LENGTH DATA ELEMENTS--GENERAL INFORMATION
fixed length control field 260309b |||||||| |||| 00| 0 eng d
020 ## - INTERNATIONAL STANDARD BOOK NUMBER
International Standard Book Number 978-621-406-393-2
040 ## - CATALOGING SOURCE
Original cataloging agency DWCL Main lib
Transcribing agency OC
082 ## - DEWEY DECIMAL CLASSIFICATION NUMBER
Classification number Fil. 001.4 C626r 2025
100 ## - MAIN ENTRY--PERSONAL NAME
Personal name Clemente, Paul Timothy A.
245 ## - TITLE STATEMENT
Title Research writing in tourism and hospitality wit applied data analysis:
Remainder of title professional research writing handbook for tourism, hospitality, and culinary management.
Statement of responsibility, etc. Paul Timothy A. Clemente
260 ## - PUBLICATION, DISTRIBUTION, ETC.
Place of publication, distribution, etc. Manila, Philippines:
Name of publisher, distributor, etc. Mindshapers,
Date of publication, distribution, etc. c2025.
300 ## - PHYSICAL DESCRIPTION
Extent x, 525 pages;
Dimensions 25 cm.
650 ## - SUBJECT ADDED ENTRY--TOPICAL TERM
Topical term or geographic name entry element 1. Research.
650 ## - SUBJECT ADDED ENTRY--TOPICAL TERM
Topical term or geographic name entry element 2. Tourism--research.
942 ## - ADDED ENTRY ELEMENTS (KOHA)
Source of classification or shelving scheme Dewey Decimal Classification
Koha item type Book-Filipiniana
Call number prefix Fil.
Suppress in OPAC No
952 ## - LOCATION AND ITEM INFORMATION (KOHA)
--
Holdings
Withdrawn status Lost status Source of classification or shelving scheme Damaged status Not for loan Home library Current library Shelving location Date acquired Source of acquisition Cost, normal purchase price Total Checkouts Full call number Barcode Date last seen Copy number Price effective from Koha item type Uniform Resource Identifier
    Dewey Decimal Classification     College Library College Library Filipiniana 02/04/2026 School Fund 525.00   Fil. 001.4 C626r 2025 CL54658 03/09/2026 c1 03/09/2026 BK - FIL